000 00710nam a2200205Ia 4500
001 10196
003 GE_BSU
008 181216s||||||||xx |||||||||||||| ||und||
040 _cGE_BSU
100 _aსულიაშვილი,დავით
245 _aდაუცხრომელი გული
245 _bბიოგრ.მოთხრობა
245 _cრედ:მ.ბაკურიძე;მხატვ:შ.ნიორაძე.
260 _aთბილისი
260 _bსახელგამი
260 _c1955
300 _a148გვ;21სმ
653 _aდაუცხრომელი გული:ბიოგრ.მოთხრობა
942 _cBK
999 _c43465
_d43465